[Event "GRE-chT 44th"]
[Site "Achaia"]
[Date "2016.07.06"]
[Round "2.6"]
[White "Koutsidi, Amalia"]
[Black "Poulopoulou, Ekaterini"]
[Result "0-1"]
[WhiteElo "1582"]
[BlackElo "1666"]
[PlyCount "142"]
[EventDate "2016.07.05"]
[EventType "team-swiss"]
[EventRounds "7"]
[EventCountry "GRE"]
[SourceTitle "CBM 173 Extra"]
[Source "ChessBase"]
[SourceDate "2016.08.29"]
[SourceVersion "1"]
[SourceVersionDate "2016.08.29"]
[SourceQuality "1"]
[WhiteTeam "Papagou DP"]
[BlackTeam "Panionios GS"]
[WhiteTeamCountry "GRE"]
[BlackTeamCountry "GRE"]

1. e4 c6 2. Nc3 d5 3. Nf3 Bg4 4. h3 Bxf3 5. Qxf3 e6 6. d4 Nf6 7. Bd3 Be7 8. e5 Nfd7 9. Qg3 g6 10. h4 c5 11. h5 Rg8 12. hxg6 hxg6 13. Ne2 c4 14. Bxg6 fxg6 15. Nf4 Nf8 16. Qg4 Qb6 17. c3 Nbd7 18. Rh6 0-0-0 19. Nxg6 Nxg6 20. Rxg6 Rxg6 21. Qxg6 Rh8 22. Kd2 Nf8 23. Qg4 Kd7 24. Kc2 Qd8 25. Bf4 Rh4 26. Qg3 Nh7 27. Rf1 Qf8 28. Bd2 Qf5+ 29. Kc1 Rg4 30. Qh2 Bg5 31. f4 Rh4 32. Qg3 Be7 33. Qf3 Nf8 34. g3 Rh3 35. Qg2 Qg4 36. Be1 Rh5 37. Rh1 Rxh1 38. Qxh1 Ng6 39. Qf1 Bf8 40. Kd2 Ne7 41. Qe2 Qf5 42. Ke3 Bh6 43. Kf2 Qh3 44. Qf1 Qf5 45. Qe2 Ng6 46. Bd2 Qh3 47. Qf1 Qf5 48. Qe2 Qh3 49. Qf1 Qf5 50. Qe2 Qh3 51. Qf1 Qxf1+ 52. Kxf1 Ke7 53. Kg2 Kf7 54. Kf3 Ne7 55. g4 Kg6 56. Kg3 Bf8 57. Kf3 b5 58. Ke3 a5 59. a3 Nc6 60. Be1 Be7 61. Bd2 b4 62. Bc1 Na7 63. Kd2 bxa3 64. bxa3 a4 65. Bb2 Nb5 66. Kc1 Nxa3 67. Ba1 Nb5 68. Kc2 a3 69. Kd2 Bh4 70. Ke2 Bg3 71. Kf3 Be1 0-1

[Event "GRE-ch U16 Girls"]
[Site "Porto Rio"]
[Date "2016.06.29"]
[Round "2"]
[White "Karathanasi, Eirhnh"]
[Black "Koutsidi, Amalia"]
[Result "0-1"]
[WhiteElo "1636"]
[BlackElo "1621"]
[PlyCount "62"]
[EventDate "2016.06.28"]
[EventType "swiss"]
[EventRounds "9"]
[EventCountry "GRE"]
[SourceTitle "CBM 173 Extra"]
[Source "ChessBase"]
[SourceDate "2016.08.29"]
[SourceVersion "1"]
[SourceVersionDate "2016.08.29"]
[SourceQuality "1"]

1. e4 c5 2. Nc3 Nc6 3. Bb5 Nd4 4. Bc4 e6 5. f4 Ne7 6. Nf3 d5 7. exd5 exd5 8. Nxd4 cxd4 9. Bb5+ Bd7 10. Bxd7+ Qxd7 11. Ne2 Nf5 12. d3 Bd6 13. 0-0 0-0 14. Rf3 Rfe8 15. Bd2 Re7 16. Rh3 Rae8 17. Ng3 Nxg3 18. Rxg3 Re2 19. Kf1 h6 20. Rf3 Qg4 21. Rf2 Rxf2+ 22. Kxf2 Qh4+ 23. Kg1 Bxf4 24. g3 Bxg3 25. hxg3 Qxg3+ 26. Kh1 Qh3+ 27. Kg1 Re6 28. Bf4 Rg6+ 29. Kf2 Qg2+ 30. Ke1 Re6+ 31. Be3 Rxe3+ 0-1

[Event "Athens Chess Square op"]
[Site "Athens"]
[Date "2016.05.08"]
[Round "7"]
[White "Koutsidi, Amalia"]
[Black "Androni, Konstantina"]
[Result "0-1"]
[WhiteElo "1662"]
[BlackElo "1867"]
[PlyCount "102"]
[EventDate "2016.05.02"]
[EventType "swiss"]
[EventRounds "7"]
[EventCountry "GRE"]
[SourceTitle "CBM 172 Extra"]
[Source "ChessBase"]
[SourceDate "2016.06.21"]
[SourceVersion "1"]
[SourceVersionDate "2016.06.21"]
[SourceQuality "1"]

1. d4 Nf6 2. Nf3 d5 3. e3 c5 4. Nbd2 e6 5. b3 Nc6 6. Bd3 Nb4 7. Be2 Be7 8. 0-0 0-0 9. a3 Nc6 10. Bd3 b6 11. Bb2 Bb7 12. Ne5 Nxe5 13. dxe5 Ne4 14. f3 Nxd2 15. Qxd2 f6 16. Rad1 fxe5 17. Bxe5 Bf6 18. Bxf6 Qxf6 19. c4 Rad8 20. Qc2 g6 21. Rfe1 Qg5 22. f4 Qf6 23. g3 Kg7 24. Bf1 Qf5 25. Qxf5 gxf5 26. Bg2 Kf6 27. Rd2 Rf7 28. Red1 Rfd7 29. cxd5 exd5 30. e4 fxe4 31. Bxe4 d4 32. Bxb7 Rxb7 33. a4 Rbd7 34. Kf2 a6 35. Re2 b5 36. axb5 axb5 37. Re5 Rd5 38. Rxd5 Rxd5 39. Ke2 Rd8 40. Rd2 Ke6 41. Kd3 Kd5 42. Re2 c4+ 43. bxc4+ bxc4+ 44. Kd2 Ra8 45. Re5+ Kd6 46. Re2 d3 47. Re4 Ra2+ 48. Ke1 Rxh2 49. f5 c3 50. Re8 d2+ 51. Kd1 Rh1+ 0-1

[Event "Paleochora op 8th"]
[Site "Paleochora"]
[Date "2015.07.17"]
[Round "1"]
[White "Koutsidi, Amalia"]
[Black "Theodorou, Nikolas"]
[Result "0-1"]
[WhiteElo "1608"]
[BlackElo "2338"]
[PlyCount "72"]
[EventDate "2015.07.17"]
[EventType "swiss"]
[EventRounds "9"]
[EventCountry "GRE"]
[SourceTitle "CBM 167 Extra"]
[Source "ChessBase"]
[SourceDate "2015.09.14"]
[SourceVersion "1"]
[SourceVersionDate "2015.09.14"]
[SourceQuality "1"]

1. e4 c5 2. Nf3 d6 3. Bb5+ Nd7 4. c3 a6 5. Ba4 Ngf6 6. Bc2 c4 7. 0-0 e6 8. d3 cxd3 9. Bxd3 Be7 10. Re1 0-0 11. Nd4 Qc7 12. f4 b5 13. Nd2 Bb7 14. N2f3 e5 15. Nf5 Rfe8 16. fxe5 dxe5 17. Bg5 Rad8 18. Qc2 Nc5 19. Bxf6 Bxf6 20. Rad1 Rxd3 21. Rxd3 Bxe4 22. Rxe4 Nxe4 23. Rd5 Qb6+ 24. Kf1 Ng5 25. Nxg5 Bxg5 26. Qe4 g6 27. Ng3 Re6 28. Rxe5 Rf6+ 29. Nf5 Rxf5+ 30. Rxf5 gxf5 31. Qxf5 Qe3 32. Qg4 Qc1+ 33. Kf2 Qxb2+ 34. Kf1 Qb1+ 35. Kf2 Qxa2+ 36. Kf1 Qc4+ 0-1

[Event "GRE-ch U14 Girls"]
[Site "Rio Achaia"]
[Date "2015.07.01"]
[Round "6.4"]
[White "Koutsidi, Amalia"]
[Black "Kouta, Vasiliki"]
[Result "1-0"]
[WhiteElo "1622"]
[BlackElo "1264"]
[PlyCount "51"]
[EventDate "2015.06.26"]
[EventType "swiss"]
[EventRounds "7"]
[EventCountry "GRE"]
[SourceTitle "EXT 2024"]
[Source "ChessBase"]
[SourceDate "2023.10.10"]
[SourceVersion "1"]
[SourceVersionDate "2023.10.10"]
[SourceQuality "1"]

1. d4 d5 2. c4 e6 3. Nc3 Nf6 4. cxd5 exd5 5. Bg5 Be7 6. Qc2 c6 7. e3 Nbd7 8. Bd3 h6 9. Bh4 Nb6 10. Nge2 Be6 11. 0-0 0-0 12. b3 Qd7 13. Rad1 Nc8 14. f3 Qc7 15. Bxf6 Bxf6 16. e4 dxe4 17. fxe4 Qb6 18. Bc4 Bg4 19. Kh1 Bxe2 20. Nxe2 Qc7 21. e5 Be7 22. Nf4 Kh8 23. Qe4 Nb6 24. Bd3 g6 25. Rf3 Kg7 26. Ne6+ 1-0

[Event "GRE-ch U14 Girls"]
[Site "Rio Achaia"]
[Date "2015.06.27"]
[Round "2.4"]
[White "Koutsidi, Amalia"]
[Black "Bouza, Mirto Eleni"]
[Result "1-0"]
[WhiteElo "1622"]
[BlackElo "1359"]
[PlyCount "75"]
[EventDate "2015.06.26"]
[EventType "swiss"]
[EventRounds "7"]
[EventCountry "GRE"]
[SourceTitle "EXT 2024"]
[Source "ChessBase"]
[SourceDate "2023.10.10"]
[SourceVersion "1"]
[SourceVersionDate "2023.10.10"]
[SourceQuality "1"]

1. e4 c5 2. Nf3 e6 3. d4 cxd4 4. Nxd4 a6 5. Nc3 b5 6. Bd3 Qb6 7. Nb3 Qc7 8. 0-0 Nf6 9. Qe2 d6 10. f4 Nbd7 11. Bd2 Bb7 12. Rae1 e5 13. f5 Be7 14. Rf3 0-0 15. Rh3 b4 16. Nd1 d5 17. Nf2 Rfc8 18. c3 a5 19. exd5 Nxd5 20. Be4 Bd6 21. Bxd5 Bxd5 22. Ne4 Bxe4 23. Qxe4 Qb6+ 24. Kh1 Nf6 25. Qh4 Kf8 26. Bg5 Ke7 27. Bxf6+ gxf6 28. Qd4 Qxd4 29. Nxd4 Kd7 30. Ne2 bxc3 31. Nxc3 Rh8 32. Rd1 Rab8 33. Ne4 Rb6 34. Rhd3 Rxb2 35. Rxd6+ Ke7 36. Rd7+ Ke8 37. Rd8+ Ke7 38. R1d7# 1-0